[Event "ICS rated blitz match"]
[Site "207.99.83.227"]
[Date "1999.04.22"]
[Round "?"]
[White "Hossa"]
[Black "rajah"]
[Result "1-0"]
[WhiteElo "2430"]
[BlackElo "2465"]
[PlyCount "149"]

1. c4 e5 2. Nc3 Nf6 3. Nf3 Nc6 4. e4 Bb4 5. d3 d6 6. Be2 Bxc3+ 7. bxc3 O-O 8.
O-O Bg4 9. Rb1 b6 10. Ng5 Bxe2 11. Qxe2 Qd7 12. f4 h6 13. fxe5 dxe5 14. Nh3
Rad8 15. Rxf6 gxf6 16. Bxh6 Rfe8 17. Qf3 Kh7 18. Qxf6 Rg8 19. Ng5+ Rxg5 20.
Bxg5 Rh8 21. Rf1 Qe6 22. Qxf7+ Qxf7 23. Rxf7+ Kg6 24. Rxc7 Kxg5 25. Rxc6 Rd8
26. c5 bxc5 27. Rxc5 Rxd3 28. Rxe5+ Kf4 29. Rf5+ Kxe4 30. Ra5 Rxc3 31. Rxa7
Rc1+ 32. Kf2 Rc2+ 33. Kg3 Rc3+ 34. Kg4 Ke3 35. g3 Kf2 36. Rb7 Rc4+ 37. Kh3 Rc2
38. g4 Rxa2 39. g5 Kg1 40. Rb1+ Kf2 41. g6 Ra6 42. Rb2+ Kg1 43. Rg2+ Kh1 44.
Rc2 Kg1 45. Rc1+ Kf2 46. g7 Rh6+ 47. Kg4 Rg6+ 48. Kf5 Rxg7 49. h4 Rh7 50. Kg4
Rg7+ 51. Kf4 Rf7+ 52. Kg5 Rg7+ 53. Kh6 Rg4 54. h5 Ke3 55. Rf1 Ke2 56. Rf6 Ke3
57. Kh7 Kd4 58. Re6 Kd5 59. Re2 Kc4 60. Rd2 Kc3 61. Rd8 Rg5 62. h6 Kc4 63. Kh8
Rg4 64. h7 Rg2 65. Rg8 Re2 66. Kg7 Re7+ 67. Kg6 Re6+ 68. Kf7 Rd6 69. h8=Q Rd7+
70. Ke6 Rd3 71. Qh4+ Kb3 72. Rg3 Kb2 73. Rxd3 Kc1 74. Qh2 Kb1 75. Rd1# {
rajah checkmated} 1-0

[Event "ICS rated blitz match"]
[Site "207.99.83.227"]
[Date "1999.04.22"]
[Round "?"]
[White "rajah"]
[Black "Hossa"]
[Result "1-0"]
[WhiteElo "2447"]
[BlackElo "2448"]
[Annotator "Crafty v16.6"]
[PlyCount "112"]

{annotating for player Hossa using a scoring margin of +0.10 pawns. search
time limit is 10.00} 1. d4 1... e6 2. e4 d5 3. Nc3 dxe4 4. Nxe4 Qd5 5. Nc3 Bb4
6. Nge2 Qd8 ({7:-0.26} 6... Qd8 7. a3 Be7 8. Nf4 Nd7 9. Nh5 9... g6 $10) ({
7:-0.13} 6... Nc6 7. Bf4 Nf6 8. Bxc7 O-O 9. a3 Bxc3+ 10. bxc3 10... Ne4 $10) 7.
a3 Ba5 ({8:-0.30} 7... Ba5 8. b4 Bb6 9. Na4 Nd7 10. Nxb6 Nxb6 11. Bf4 11... Nf6
$10) ({8:-0.17} 7... Bd6 8. Nf4 Nf6 9. Bc4 O-O 10. O-O Nc6 11. Nb5 $10) 8. b4
Bb6 9. Na4 Nc6 ({8:-0.42} 9... Nc6 10. Bb2 Nf6 11. c4 a6 12. Nxb6 cxb6 13. d5
Ne7 14. dxe6 Bxe6 15. Bxf6 15... gxf6 $14) ({8:+0.19} 9... Nf6 10. c4 c6 11.
Nxb6 axb6 12. c5 bxc5 13. bxc5 O-O 14. Bf4 $10) 10. Nxb6 axb6 11. b5 Na5 12.
Nf4 Nf6 ({9:-0.29} 12... Nf6 13. Be2 Qd6 14. O-O O-O 15. Be3 Bd7 16. Qd3 16...
Rfd8 $10) ({9:-0.18} 12... Ne7 13. Be2 Nf5 14. Bb2 O-O 15. O-O Qh4 16. Qd2
16... Bd7 $10) 13. Be2 O-O 14. O-O Ne4 15. Be3 Nc3 16. Qd3 Nxe2+ 17. Qxe2 Qe7
18. Rfe1 Kh8 19. Qd3 Bd7 20. Rad1 Qf6 21. Rb1 Bc8 22. Qc3 Qd8 23. Rb4 Qe7 24.
d5 e5 25. Bd2 f6 26. Qd3 Bd7 27. Nh5 Qe8 28. Ng3 Rf7 29. Ne4 Bf5 30. Re3 Rf8
31. c4 Qh5 32. f3 Bxe4 33. Qxe4 Ra7 34. Rb1 Rg8 35. Bxa5 Rxa5 36. d6 Ra7 37. d7
Rd8 38. Rd1 Qf7 39. Qd5 Qxd5 40. Rxd5 Ra4 41. f4 Rxc4 42. fxe5 fxe5 43. Rexe5
Rc1+ 44. Kf2 Rc2+ 45. Ke1 h6 46. Re8+ Kh7 47. Rxd8 c6 48. Rc8 Rxg2 49. Rd6 Rg1+
50. Kf2 Rg6 51. Rxg6 Kxg6 52. Rxc6+ Kf5 53. d8=Q Ke5 54. Qd6+ Ke4 55. Rc4+ Kf5
56. Rf4+ Kg5 1-0

[Event "ICS Rated blitz match"]
[Site "207.99.83.227"]
[Date "1999.04.22"]
[Round "?"]
[White "Hossa"]
[Black "rajah"]
[Result "1-0"]
[WhiteElo "2432"]
[BlackElo "2463"]
[PlyCount "171"]

1. c4 c5 2. e4 Nc6 3. Nc3 Nf6 4. Nf3 e5 5. Be2 Be7 6. O-O O-O 7. d3 d6 8. Bg5
Be6 9. Qd2 Nd4 10. Rae1 Rc8 11. a3 Re8 12. a4 Qa5 13. Nxd4 cxd4 14. Nd5 Qxd2
15. Nxe7+ Rxe7 16. Bxd2 Bd7 17. Bb4 Rc6 18. f4 Re6 19. Bd1 Rb6 20. Ba3 Rc6 21.
Bb3 Re8 22. a5 Ra6 23. Rf3 Nh5 24. fxe5 dxe5 25. Bb4 Nf4 26. Kh1 b6 27. Bd2
bxa5 28. Bxf4 Rb6 29. Bd1 exf4 30. Rf2 Re5 31. b3 g5 32. Rff1 Rc6 33. g3 fxg3
34. hxg3 Bh3 35. Rf2 Rb6 36. g4 Rh6 37. Rh2 Rh4 38. Rg1 Re6 39. Rg3 Rf6 40. c5
Bf1 41. Kg1 Rxh2 42. Kxh2 Rf2+ 43. Kg1 Rd2 44. Kxf1 Rxd1+ 45. Ke2 Rc1 46. Kd2
Rxc5 47. Rg1 Rb5 48. Kc2 Kg7 49. Rf1 a6 50. Rh1 Rc5+ 51. Kb2 Rc3 52. Rh3 Kg6
53. Rf3 Rc5 54. Ka3 Rc2 55. Rf5 Rc3 56. Rxa5 Rxd3 57. Rxa6+ Kg7 58. Rd6 Kf8 59.
e5 Rd2 60. b4 d3 61. b5 Ke8 62. b6 Rd1 63. Kb2 Rd2+ 64. Kc3 Rd1 65. Rh6 Kd7 66.
Rxh7 Kc6 67. b7 Kxb7 68. e6 Rc1+ 69. Kxd3 Rc8 70. exf7 Rf8 71. Ke4 Kc6 72. Kf5
Kc5 73. Kxg5 Kd5 74. Kf6 Kd6 75. Rg7 Kd5 76. Rg8 Rxf7+ 77. Kxf7 Kc5 78. g5 Kd4
79. g6 Kd3 80. g7 Kd4 81. Rc8 Kd5 82. g8=Q Kd4 83. Qg3 Ke4 84. Ke6 Kd4 85. Qh3
Ke4 86. Rc4# {rajah checkmated} 1-0

[Event "ICS Rated blitz match"]
[Site "207.99.83.227"]
[Date "1999.04.22"]
[Round "?"]
[White "rajah"]
[Black "Hossa"]
[Result "1-0"]
[WhiteElo "2446"]
[BlackElo "2449"]
[Annotator "Fritz 5.32 (22s)"]
[PlyCount "167"]

1. d4 1... e6 {Opening = D35 - 3.Nc3 Nf6(4.cd5 ed5 5.Bg5 c6 6.---)} 2. c4 d5 3.
cxd5 exd5 4. Nc3 Nf6 5. Nf3 Bb4 6. e3 (6. Bf4 O-O 7. e3 Ne4 8. Qb3 Nc6 9. Be2
a5 10. O-O Bxc3 11. bxc3 g5 12. Bg3 g4 13. Bh4 gxf3 14. Bxd8 fxe2 15. Rfe1 Rxd8
16. Rxe2 b6 17. f3 Ba6 18. Ree1 Nf6 19. e4 Bc4 20. Qc2 20... Nh5 {
Nill,O-Grafl,F/DEM U15 Pinneberg 1996/1-0 (60)}) 6... O-O 7. Be2 $146 (7. Bd3
Bxc3+ 8. bxc3 {- Marjanov,Z-Orlov,K/Pancevo 1989 (8)}) 7... Ne4 8. Bd2 Nxd2 9.
Qxd2 Be6 10. a3 10... Ba5 $14 (10... Bd6 11. Bd3 $11) 11. O-O $11 (11. b4 11...
Bb6 $14) 11... Nc6 (11... c6 12. b4 Bc7 13. b5 $11) 12. Rac1 Qd6 13. Qd3 Rae8
14. Ng5 {Mit der Mattdrohung Qxh7} 14... g6 {Staerkt h5} 15. Nxe6 fxe6 ({
Weniger gut ist} 15... Qxe6 16. Bf3 Rd8 17. Na4 $14) 16. b4 Bb6 17. Na4 Ra8 18.
Bf3 Qe7 19. b5 Nd8 20. e4 dxe4 21. Bxe4 Qg7 22. Rc4 Rf7 23. Rfc1 Qf6 24. Qe3 ({
Nachteilig ist} 24. Nxb6 24... Qxf2+ 25. Kh1 25... axb6 $11) 24... Ba5 25. Nc5
Rb8 26. Bf3 Qf5 27. a4 Bb6 28. Nb3 a6 29. bxa6 bxa6 30. a5 30... Ba7 $18 (30...
Bxa5 31. Rc5 (31. Nxa5 $6 31... Qxa5 32. d5 32... Re7 $11 (32... exd5 $143 33.
Rc5 Qb6 34. Bxd5 $18)) 31... Rxb3 32. Qxb3 $16 (32. Rxf5 Rxe3 33. Rxf7 Nxf7 34.
fxe3 Bd2 35. Rxc7 Bxe3+ 36. Kf1 36... Bxd4 $16)) 31. Rxc7 Rxc7 32. Rxc7 Rxb3
33. Qxb3 33... Qxa5 {Es droht Matt} 34. Qc3 Qxc3 35. Rxc3 Bxd4 36. Ra3 Kf8 37.
Rxa6 Ke7 38. h4 Nf7 39. Kf1 Nd6 40. g4 Nc4 41. Ke1 Ne5 42. Be2 Nd7 43. g5 Nb8
44. Ra4 e5 45. h5 (45. Bb5 45... Kd6 $18) 45... gxh5 46. Bxh5 Bc3+ (46... Nc6
47. Ra6 Bc3+ 48. Kd1 $18) 47. Kd1 Bd4 48. f4 (48. Ra8 {ginge schneller} 48...
Nd7 49. Ke2 49... Ke6 $18) 48... Be3 49. fxe5 Bxg5 50. Ra7+ (50. Bg4 {
und Weiss haette es noch leichter} 50... Nc6 51. Ra6 51... h5 $18) 50... Ke6
51. Ra5 Nc6 52. Ra6 Kd7 53. e6+ Kc7 54. Ra2 (54. Bf3 Ne5 55. Ke2 55... h6 $18)
54... Kd6 55. Bf7 Be7 56. Ra3 Nd4 57. Ra7 Nf5 58. Kc1 Ke5 59. Kb2 Kf6 60. Ra6
$16 (60. Ra1 60... h5 $18) 60... Nd4 $18 (60... Nd6 61. Bg8 $16) 61. Kc3 Nb5+
62. Kc2 62... Nd4+ $18 (62... Nd6 $5 63. Bg8 63... h5 $18) 63. Kd3 Nf5 64. Ra2
64... h5 $2 (64... Ke5 $18) 65. Bxh5 Nd6 66. Bg4 Kg5 67. Bh3 Kf6 68. Ra5 Kg6
69. Bg4 Kf6 70. Kd4 Kg6 71. Rh5 Bf6+ 72. Kd5 Be7 73. Re5 Kh6 (73... Nc8 {
aendert nichts mehr} 74. Bf5+ Kf6 75. Bh3 $18) 74. Be2 (74. Kc6 $5 $142 {
damit wuerde Weiss es sich noch erleichtern} 74... Nc4 75. Re2 75... Kg5 $18)
74... Kg6 (74... Kg7 {holt die Kuh nicht vom Eis} 75. Bd3 $18) 75. Bd3+ Kh6 (
75... Kg7 {hilft allerdings auch nicht} 76. Rh5 Nc8 77. Kc6 $18) 76. Kc6 Nc8 (
76... Kg7 {aendert den traurigen Lauf der Dinge nicht} 77. Kd7 Kf6 78. Rd5 $18)
77. Kd7 Kg7 78. Rh5 Bd6 79. Kxc8 {Droht Matt} 79... Bb4 80. Kd7 {
Mit der Mattdrohung e7} 80... Bc3 81. e7 Bd2 82. e8=Q Be3 (82... Bf4 {
aendert den traurigen Lauf der Dinge nicht} 83. Rh7+ Kf6 84. Qe7#) 83. Qg6+ Kf8
84. Rh8# 1-0

[Event "ICS Rated blitz match"]
[Site "207.99.83.227"]
[Date "1999.04.22"]
[Round "?"]
[White "Hossa"]
[Black "rajah"]
[Result "0-1"]
[WhiteElo "2433"]
[BlackElo "2462"]
[Annotator "Fritz 5.32 (10s)"]
[PlyCount "164"]

1. c4 Nf6 2. d4 e6 3. e3 Bb4+ 4. Bd2 4... Nc6 $146 (4... c5 5. Bd3 Nc6 6. Ne2
cxd4 7. Nxd4 O-O 8. O-O Bxd2 9. Qxd2 d5 10. cxd5 Nxd4 11. exd4 Nxd5 12. Nc3 b6
13. Rfe1 Bb7 14. Re5 Nb4 15. Bb1 g6 16. Re3 Rc8 17. a3 Nc6 18. Be4 Rc7 19. d5 {
Ramirez,J-Velez,N/Capablanca-mem 1990/0-1 (32)}) (4... Be7 5. Nc3 d5 6. Nf3 O-O
7. Rc1 c5 8. dxc5 Bxc5 9. cxd5 exd5 10. Nb5 Qe7 11. Be2 Nc6 12. O-O Ne4 13. Bc3
Rd8 14. Bd4 Nxd4 15. exd4 Bb6 16. Qb3 Bg4 17. Qe3 Re8 18. Qf4 Bxf3 19. Bxf3 {
IR,W-PK,W/BCF-ch 1983/ - (41)}) 5. Nf3 O-O 6. Bd3 d5 7. O-O Bd7 8. a3 dxc4 9.
Bxh7+ Nxh7 10. axb4 b5 11. Na3 Rb8 12. b3 cxb3 13. Qxb3 Ng5 14. Qd1 Qf6 15.
Nxg5 Qxg5 16. Qe2 Ne7 17. Qf3 Bc6 18. Qg3 Qxg3 19. fxg3 Rfd8 20. Nb1 Rb7 21.
Be1 Nd5 22. Ra3 f6 23. Rf2 Kh8 24. Bd2 Kh7 25. Ra6 Rd6 26. e4 Nb6 27. e5 fxe5
28. dxe5 Rd3 29. Nc3 Rd4 30. Na2 Bd5 31. Re2 Na4 32. Bf4 c5 33. bxc5 Nxc5 34.
Ra5 Rd1+ 35. Kf2 Ra1 36. g4 g5 37. Bxg5 Rxa2 38. Rexa2 Bxa2 39. Rxa2 Ne4+ 40.
Ke3 Nxg5 41. Kf4 Nf7 42. Ra6 b4 43. g5 b3 44. Ra1 b2 45. Rb1 a5 46. h4 Rb4+ 47.
Ke3 a4 48. Kd2 a3 49. Kc3 a2 50. Rxb2 a1=Q 51. Kxb4 Qxb2+ 52. Kc4 Qxg2 53. Kb5
Qd5+ 54. Kb6 Qxe5 55. Kb7 Qe4+ (55... Qb5+ 56. Kc7 Qc5+ 57. Kd7 Qd6+ 58. Kc8
Qc6+ 59. Kb8 Nd6 60. g6+ Kg7 61. h5 Qb7#) 56. Kb6 56... Qxh4 $19 (56... Qb4+
57. Kc6 Ne5+ 58. Kc7 Qc5+ 59. Kb7 Qb5+ 60. Kc7 Qc6+ 61. Kb8 Nd7+ 62. Ka7 Qb6+
63. Ka8 Qb8#) 57. g6+ 57... Kxg6 {Mit der Mattdrohung Qb4} 58. Kc5 (58. Kb5 {
kann das Vorangegangene nicht ungeschehen machen} 58... Qd4 59. Kc6 Qc3+ 60.
Kb5 Nd6+ 61. Kb6 Kf5 62. Ka6 Qc6+ 63. Ka5 Qb5#) 58... Nd6 (58... Kf6 59. Kb6
Qb4+ 60. Kc6 Qb2 61. Kc7 Qb5 62. Kc8 Qc6+ 63. Kb8 Nd6 64. Ka7 Qb7#) 59. Kb6 (
59. Kxd6 {nuetzt auch nichts mehr} 59... Qd4+ 60. Kc6 e5 61. Kb5 e4 62. Kc6 e3
63. Kc7 e2 64. Kc6 e1=Q 65. Kb7 Qe7+ 66. Ka6 Qda7+ 67. Kb5 Qec5#) 59... Qb4+ (
59... Qc4 60. Ka7 Qc6 61. Kb8 Qb7#) 60. Kc6 Qb5+ (60... Kf5 61. Kd7 Qb6 62. Ke7
Qc7+ 63. Kf8 Qf7#) 61. Kxd6 Qc4 (61... Kf6 62. Kc7 Ke7 63. Kc8 Kd6 64. Kd8 Qd7#
) 62. Ke5 (62. Kd7 {hilft auch nicht mehr} 62... Qc5 63. Ke8 Qc7 64. Kf8 Qf7#)
62... Qd4+ $19 (62... Qb4 63. Kxe6 Qc5 64. Kd7 Kf6 65. Kd8 Ke6 66. Ke8 Qe7#)
63. Kxd4 Kf5 64. Ke3 Ke5 65. Kf3 Kd4 66. Ke2 Ke4 67. Kf2 Kd3 68. Kf3 e5 69. Kf2
e4 70. Ke1 Ke3 71. Kd1 Kf2 72. Kd2 e3+ 73. Kd3 e2 74. Ke4 e1=Q+ 75. Kd5 75...
Ke3 {Es droht Matt} 76. Kc5 Qa5+ (76... Ke4 77. Kc4 Qa5 78. Kb3 Kd3 79. Kb2
Qb4+ 80. Ka2 Kc3 81. Ka1 Qb2#) 77. Kd6 Ke4 (77... Kf4 78. Kd7 Qb5+ 79. Ke6 Qc6+
80. Kf7 Kf5 81. Ke7 Qc7+ 82. Kf8 Kf6 83. Ke8 Qe7#) 78. Ke6 (78. Kd7 {
waere gleichermassen fruchtlos} 78... Qb5+ 79. Ke6 Qc6+ 80. Kf7 Kf5 81. Ke7
Qc7+ 82. Kf8 Kf6 83. Ke8 Qe7#) 78... Qe5+ 79. Kf7 (79. Kd7 {
kann das Vorangegangene nicht ungeschehen machen} 79... Kd5 80. Kc8 Qe7 81. Kb8
Kc6 82. Kc8 Qc7#) 79... Kf5 80. Kg8 Qe7 81. Kh8 Kf6 82. Kg8 Qg7# 0-1

[Event "ICS Rated blitz match"]
[Site "207.99.83.227"]
[Date "1999.04.22"]
[Round "?"]
[White "rajah"]
[Black "Hossa"]
[Result "1-0"]
[WhiteElo "2477"]
[BlackElo "2418"]
[Annotator "Fritz 5.32 (10s)"]
[PlyCount "163"]

1. e4 c5 2. c3 e6 3. d4 cxd4 4. cxd4 d5 5. e5 Nc6 6. Nf3 Bb4+ 7. Bd2 (7. Nc3
Nge7 8. Bd3 h6 9. O-O O-O 10. Bd2 a6 11. Rc1 Bd7 12. Bb1 b5 13. h4 Re8 14. a3
Bxc3 15. Rxc3 b4 16. Rc5 a5 17. Qc2 g6 18. Bxh6 Rc8 19. Bg5 Qb6 20. Rc1 Nf5 21.
Qd2 21... Ncxd4 {Mourad,S-Wadee,S/Open, Cairo EGY 1998/0-1 (49)}) 7... Qb6 8.
Bxb4 Qxb4+ 9. Qd2 9... Bd7 $146 (9... Qxd2+ 10. Nbxd2 (10. Kxd2 Bd7 11. Nc3 a6
12. Bd3 Nge7 13. Ke3 Nb4 14. Bb1 O-O 15. a3 Nbc6 16. Nd2 Na5 17. Bd3 Rac8 18.
Rac1 Rc7 19. b3 Rfc8 20. Ne2 20... Rxc1 {
- Pena,E-Hadjittofis,Y/Manila olm 1992 (20)}) 10... f6 11. exf6 Nxf6 12. Bd3
Bd7 13. O-O Rc8 14. a3 h6 15. Rac1 O-O 16. Rfe1 Rfe8 17. h3 Re7 18. Nb3 Rce8
19. Ne5 Nxe5 20. dxe5 Nh7 21. Nd4 Rc8 22. Rxc8+ Bxc8 23. Rc1 Re8 24. Nb5 {
Ramos,M-Henriques,S/WchJW-U14 Bratislava 1993/1-0 (46)}) (9... Nge7 10. Qxb4
Nxb4 11. Na3 a6 12. Be2 O-O 13. O-O Bd7 14. Rfc1 Rac8 15. Rc3 b5 16. Ne1 Nf5
17. Nac2 Nxc2 18. Nxc2 Bc6 19. a3 Bb7 20. Bd3 Ne7 21. Ne3 Nc6 22. Nc2 Ne7 23.
Ne3 {- Rajado,F-Moran,S/EQ 1989 (23)}) 10. a3 Qb6 11. Nc3 11... f6 {
Befestigt g5} 12. exf6 $11 (12. Na4 Qc7 13. Rc1 13... Nge7 $14) 12... Nxf6 13.
Bb5 (13. Bd3 Na5 (13... Nxd4 $143 14. Nxd4 e5 15. Ndb5 $18) 14. Rb1 14... O-O
$11) 13... Na5 14. Bxd7+ Nxd7 15. Qe2 O-O 16. O-O Rae8 (16... Rac8 17. Rfe1 Rc6
18. Na2 $11) 17. Rae1 {Uebt Druck auf den rueckstaendigen Bauern e6 aus} 17...
Nc4 18. Rc1 Qb3 ({Nachteilig ist} 18... Nxb2 19. Rb1 Rxf3 20. gxf3 Qxd4 21. Nb5
$18 (21. Qxb2 $143 21... Ne5 22. Qb4 Nxf3+ 23. Kg2 23... Qf6 $16) (21. Rxb2 $6
21... Qxc3 22. Rxb7 22... Ne5 $11)) 19. Qc2 Na5 20. Rfe1 Qxc2 21. Rxc2 Nc6 22.
Nb5 Re7 23. Nd6 Rxf3 (23... Ndb8 24. Kf1 $14) 24. gxf3 Nxd4 25. Rc3 Nf8 26. Rd3
Nc6 27. Rc1 Rd7 (27... g5 28. Nxb7 Rxb7 29. Rxc6 Rxb2 30. Rdc3 $11) 28. Nxb7 {
Weiss erhaelt Koenigsangriff} 28... Rxb7 29. Rxc6 Rxb2 30. Rd4 Rb6 (30... Rb7
31. Rc8 $16) 31. Rc8 Rb7 32. Rf4 {Droht Matt} 32... Rf7 33. Rxf7 {
Droht Matt: Rfxf8} 33... Kxf7 34. Rc7+ Kf6 35. Rxa7 {
Der Freibauer a3 fuehrt schnell zu Drohungen} 35... Ng6 36. Ra4 e5 37. Ra6+ Ke7
38. Ra5 $16 (38. Ra7+ 38... Kf6 $18) 38... Ke6 $18 (38... Kd6 39. Ra7 Ne7 40.
Kf1 $16) 39. Ra7 Kf6 (39... Ne7 40. a4 $16) 40. Kf1 d4 (40... Nh4 41. Ke2 41...
Ng6 $18) 41. a4 Nh4 42. Ke2 h5 (42... Ng2 43. a5 $18) 43. a5 d3+ 44. Ke3 (44.
Kxd3 $142 {und nichts geht mehr} 44... g6 45. a6 Nxf3 46. Rc7 $18) 44... Ke6 (
44... d2 {wuerde die Partie noch etwas verlaengern} 45. Kxd2 Nxf3+ 46. Ke3
46... Nd4 $18) 45. a6 {Mit der Absicht Rb7} 45... d2 {Droht Matt: d1Q} 46. Re7+
(46. Kxd2 {gibt noch groesseren Vorteil} 46... Nxf3+ 47. Ke3 Nd4 48. Rxg7 Nf5+
49. Kd3 49... Nxg7 $18) 46... Kxe7 47. Kxd2 Nxf3+ 48. Kc1 Nxh2 49. a7 Ng4 50.
a8=Q g6 51. Qd5 Kf6 52. f3 Nh6 53. Qd6+ Kf5 54. Qf8+ Kg5 55. Qe7+ Kf5 (55...
Kf4 {nuetzt auch nichts mehr} 56. Qf6+ Nf5 57. Qxg6 $18) 56. Kb1 (56. Kd2 {
ist genauer} 56... Kf4 $18) 56... Kf4 57. Qf6+ Nf5 58. Qxg6 Ng3 59. Qf7+ Ke3
60. Qf6 Kf2 61. Qxe5 Kxf3 62. Qd4 Kg2 63. Qh4 Kf3 64. Kc2 Kf2 65. Kd3 Kf3 66.
Kc4 Kg2 67. Kb5 (67. Qg5 $5 {ginge schneller} 67... Kf2 68. Qf4+ 68... Kg2 $18)
67... Kf2 68. Kb4 Kf3 69. Ka5 Kf2 70. Ka4 Kg2 71. Ka5 $11 (71. Qf4 $18 $142 {
machte sofort alles klar}) 71... Kf2 72. Kb6 Kg2 73. Kc5 Kf3 74. Kd5 Kf2 75.
Ke5 Kf3 76. Qf4+ Kg2 77. Qe3 Kh2 (77... Nf1 {sonst gehen die Lichter sofort aus
} 78. Qe2+ 78... Kg1 $18) 78. Kf4 Nh1 (78... Ne4 {
aendert den traurigen Lauf der Dinge nicht} 79. Kf3 Kh1 80. Qxe4 Kh2 81. Qg6 h4
82. Qg2#) 79. Qe2+ Kh3 80. Qf1+ Kh2 81. Kf3 h4 82. Qg2# 1-0

[Event "ICS Rated blitz match"]
[Site "207.99.83.227"]
[Date "1999.04.22"]
[Round "?"]
[White "Hossa"]
[Black "rajah"]
[Result "1-0"]
[WhiteElo "2405"]
[BlackElo "2490"]
[Annotator "Fritz 5.32 (10s)"]
[PlyCount "157"]

1. c4 e5 2. Nc3 Nf6 3. Nf3 Nc6 4. e4 Bb4 5. d3 O-O 6. Be2 d6 7. O-O Bxc3 8.
bxc3 8... Bg4 $146 (8... Ne7 9. c5 Ng6 10. cxd6 Qxd6 11. Qc2 Bg4 12. Be3 Rfd8
13. d4 Re8 14. d5 Bxf3 15. Bxf3 Nd7 16. c4 Nc5 17. Rab1 b6 18. Rb4 a6 19. Bxc5
bxc5 20. Rb3 Ne7 21. Rfb1 Nc8 22. Bg4 Nb6 23. Be2 g6 24. Qd2 Kg7 25. Rh3 h5 26.
Rg3 Rh8 27. h3 Nd7 28. Rgb3 Nb6 29. Qe3 {- Rohde Michael A-Tiviakov Sergei/
PCA Qualifier (active), New York (USA) 1994 (29)}) (8... b6 9. Rb1 $11) (8...
h6 9. Ne1 a6 10. a4 Nd7 11. f4 exf4 12. Bxf4 Nc5 13. Nc2 f5 14. exf5 Bxf5 15.
Ne3 Bg6 16. d4 Ne6 17. Bg3 Qg5 18. Nd5 Ne7 19. Rxf8+ Rxf8 20. Bg4 Bf5 21. Nxe7+
Qxe7 22. Bf3 c6 23. Qe2 Qd7 24. Re1 Ng5 25. Qe7 d5 26. c5 Nxf3+ 27. gxf3 Rf7
28. Qxd7 28... Bxd7 {
- Ye Rongguang-Sokolov,I/Lost Boys, Antwerp BEL (8) 1996 (28)}) 9. Rb1 b6 (9...
Bc8 10. Nd2 $11) 10. Ng5 Bxe2 11. Qxe2 Qd7 12. f4 h6 13. fxe5 dxe5 14. Nh3 Qe6
15. Qf3 Rad8 16. a4 (16. Nf2 16... Rd7 $11) 16... Rfe8 17. Nf2 Ne7 18. a5 (18.
Be3 18... Nc6 $11) 18... bxa5 19. Ra1 (19. Qg3 19... Ng6 $15) 19... Nc6 20. Nd1
Rd7 21. Nb2 Rb8 22. Ra2 $17 (22. Na4 22... Rd6 $15) 22... Rb3 $15 (22... Qg4
23. Be3 $17) 23. Bd2 $17 (23. Na4 23... Qd6 $15) 23... a6 $15 (23... Rd6 24.
Na4 Nd7 25. Raa1 $15) 24. Bxh6 $17 (24. Na4 24... Qd6 $15) 24... Rxc3 25. Bd2
25... Rb3 $17 (25... Rc2 26. Qd1 Nd4 27. Rf2 $17) 26. Qd1 a4 27. Nxa4 Rbxd3 28.
Nc5 Qxc4 29. Nxd7 29... Qd4+ $15 (29... Nxe4 30. Qa4 Qxa4 31. Rxa4 Rxd7 32. Be3
$15) 30. Kh1 Nxe4 31. Nf6+ 31... Nxf6 {Schwarz droht stark Nb4} 32. Qc2 32...
e4 $11 (32... Qd5 33. Rxa6 Rxd2 34. Qxc6 Qxc6 35. Rxc6 $15) 33. Qxc6 Rxd2 34.
Rxd2 {Mit der Mattdrohung Rxd4} 34... Qxd2 35. Qxc7 35... Qd7 $14 (35... e3 36.
Qc8+ Kh7 37. Qf5+ (37. Qxa6 $4 {das Schlagen des Bauern ist schlecht} 37... e2
38. Qa1 38... Ne4 $19) 37... Kg8 38. Qc8+ Kh7 39. Ra1 $11 (39. Qxa6 {
Der Bauer kann immer noch nicht genommen werden} 39... e2 40. Qa1 40... Ne4 $19
)) 36. Qa5 Qd6 37. Rc1 g6 38. Rc8+ (38. Qc7 38... Qd3 $14) 38... Kh7 {
Droht Matt} 39. Qe1 39... Ng4 {Mit der Mattdrohung Qxh2} 40. Qh4+ 40... Nh6 {
Es droht Matt} 41. Qe1 Qd7 42. Ra8 Qb7 43. Re8 f5 44. Qa1 {Droht Matt} 44...
Nf7 45. h3 45... Qd7 $14 (45... a5 46. Qa3 $11) 46. Ra8 46... e3 {
Schwarz spielt seinen Trumpf aus} 47. Rxa6 (47. Qxa6 $2 47... Qd1+ 48. Kh2
48... e2 $19) 47... e2 $18 (47... Qe7 $5 $16) 48. Qe1 48... Qd1 {
Droht Matt: Qxe1} 49. Ra1 Qd4 50. Ra2 Nd6 51. Rxe2 Ne4 52. Qh4+ (52. Ra2 52...
Kg8 $18) 52... Kg8 53. Ra2 Qd1+ 54. Kh2 Qd5 55. Rc2 {Droht Matt} 55... Qd6+ 56.
g3 Kf7 57. Qh7+ Kf6 58. Qc7 58... Qxc7 {Mit der Mattdrohung Qxc2} 59. Rxc7 g5
60. h4 gxh4 61. gxh4 {Der Freibauer h4 ist ein wichtiges Motiv} 61... Ke5 62.
Re7+ Kd6 (62... Kf4 63. Kh3 $18) 63. Rf7 (63. Rg7 63... Nf6 $18) 63... Ke5 64.
Kh3 f4 (64... Kf4 $18) 65. Kg4 {Weiss geht zum Angriff ueber} 65... Nf6+ 66.
Kg5 Ne4+ 67. Kg6 Nd6 (67... Ng3 {hilft allerdings auch nicht} 68. h5 Nxh5 69.
Kxh5 $18) 68. Rf8 68... Ke4 {Schwarz droht, mit Nc4 kontern} 69. h5 Nc8 (69...
Nc4 {aendert nichts am Ausgang der Partie} 70. h6 $18) 70. Rxc8 f3 71. Rf8 Kd4
72. Rxf3 Kc5 73. h6 {Droht Matt: h7} 73... Kd4 (73... Kd6 {
holt die Kuh nicht vom Eis} 74. h7 Kd7 75. Rf6 Ke7 76. h8=Q Kd7 77. Qg7+ Ke8
78. Rf8#) 74. h7 Kc4 (74... Ke4 {aendert nichts mehr} 75. Rc3 Ke5 76. h8=Q+ Ke4
77. Kf6 Kd5 78. Qh5+ Kd6 79. Qd1#) 75. h8=Q Kb5 (75... Kd5 {
macht keinen grossen Unterschied} 76. Qc3 Ke6 77. Qc4+ Kd6 78. Rd3+ Ke5 79.
Qd5+ Kf4 80. Qf5#) 76. Qc8 Kb4 77. Qc2 (77. Qc6 Ka5 78. Rf5+ Kb4 79. Rb5+ Ka4
80. Qa6#) 77... Kb5 78. Rb3+ Ka5 79. Qa2# 1-0